[Event "Russian Championship (Rapid, Men)"]
[Site "Sochi"]
[Date "2018.10.05"]
[Round "5.21"]
[White "Maletin, Pavel"]
[Black "Apryshko, Gleb"]
[Result "0-1"]
[BlackElo "2369"]
[WhiteElo "2570"]
[LiveChessVersion "1.4.8"]

1. c4 {[%clk 0:15:17]} e5 {[%clk 0:15:15]} 2. g3 {[%clk 0:15:24]} Nc6
{[%clk 0:15:24]} 3. Nc3 {[%clk 0:15:33]} a6 {[%clk 0:15:27]} 4. Bg2
{[%clk 0:15:32]} Bc5 {[%clk 0:15:36]} 5. Nf3 {[%clk 0:15:39]} d6 {[%clk 0:15:43]}
6. O-O {[%clk 0:15:40]} Nge7 {[%clk 0:15:52]} 7. e3 {[%clk 0:15:40]} O-O
{[%clk 0:15:58]} 8. d4 {[%clk 0:15:29]} Ba7 {[%clk 0:15:22]} 9. b3
{[%clk 0:15:27]} exd4 {[%clk 0:15:02]} 10. Nxd4 {[%clk 0:15:23]} Nxd4
{[%clk 0:14:32]} 11. exd4 {[%clk 0:15:31]} Nf5 {[%clk 0:14:41]} 12. Ne2
{[%clk 0:15:37]} Qf6 {[%clk 0:14:46]} 13. Bb2 {[%clk 0:15:23]} Rb8
{[%clk 0:14:04]} 14. Qd2 {[%clk 0:15:16]} b5 {[%clk 0:14:13]} 15. cxb5
{[%clk 0:15:15]} axb5 {[%clk 0:14:17]} 16. Rac1 {[%clk 0:15:21]} Bb6
{[%clk 0:14:18]} 17. Rfd1 {[%clk 0:14:57]} Ne7 {[%clk 0:11:46]} 18. d5
{[%clk 0:14:02]} Qxf2+ {[%clk 0:11:41]} 19. Kh1 {[%clk 0:14:10]} Nf5
{[%clk 0:09:37]} 20. Nd4 {[%clk 0:14:09]} Qe3 {[%clk 0:09:32]} 21. Nxf5
{[%clk 0:13:54]} Bxf5 {[%clk 0:09:39]} 22. Qxe3 {[%clk 0:14:02]} Bxe3
{[%clk 0:09:48]} 23. Rxc7 {[%clk 0:14:09]} b4 {[%clk 0:09:27]} 24. a4
{[%clk 0:13:53]} Bc5 {[%clk 0:08:27]} 25. Rf1 {[%clk 0:11:10]} Bd3
{[%clk 0:08:09]} 26. Rf3 {[%clk 0:09:30]} Be2 {[%clk 0:08:18]} 27. Rf4
{[%clk 0:09:29]} Bd1 {[%clk 0:07:24]} 28. Bh3 {[%clk 0:09:34]} Bxb3
{[%clk 0:07:21]} 29. Be6 {[%clk 0:06:26]} Rbe8 {[%clk 0:07:16]} 30. Rfxf7
{[%clk 0:05:43]} Rxf7 {[%clk 0:07:11]} 31. Bxf7+ {[%clk 0:05:49]} Kf8
{[%clk 0:06:50]} 32. Bxg7+ Kxg7 33. Bxe8+ {[%clk 0:06:02]} Kf8 {[%clk 0:07:09]}
34. Bc6 {[%clk 0:06:05]} Bc2 {[%clk 0:07:19]} 35. Rc8+ {[%clk 0:03:31]} Kg7
{[%clk 0:07:19]} 36. Kg2 {[%clk 0:01:02]} b3 {[%clk 0:07:28]} 37. Rb8
{[%clk 0:00:38]} Bd4 {[%clk 0:07:38]} 38. a5 {[%clk 0:00:18]} Be4+
{[%clk 0:07:47]} 39. Kh3 {[%clk 0:00:16]} b2 {[%clk 0:07:57]} 40. Kg4
{[%clk 0:00:14]} b1=Q {[%clk 0:07:40]} 41. Rxb1 {[%clk 0:00:21]} Bxb1
{[%clk 0:07:50]} 42. a6 {[%clk 0:00:22]} Bd3 {[%clk 0:07:56]} 43. Bb7
{[%clk 0:00:30]} Kf6 {[%clk 0:07:56]} 44. Kf4 {[%clk 0:00:39]} h5
{[%clk 0:04:44]} 45. g4 {[%clk 0:00:42]} hxg4 {[%clk 0:04:01]} 46. Kxg4 Ke5 47.
h4 {[%clk 0:00:40]} Bf5+ {[%clk 0:04:16]} 48. Kg5 {[%clk 0:00:24]} Be3+
{[%clk 0:04:24]} 49. Kh5 {[%clk 0:00:32]} Kf6 {[%clk 0:03:53]} 50. Bc6
{[%clk 0:00:12]} Bd3 {[%clk 0:03:18]} 51. Kg4 {[%clk 0:00:20]} Be2+
{[%clk 0:03:22]} 52. Kg3 {[%clk 0:00:28]} Bxa6 {[%clk 0:03:31]} 53. Kf3
{[%clk 0:00:37]} Bc1 {[%clk 0:03:33]} 54. Ke4 {[%clk 0:00:44]} Bc8
{[%clk 0:03:38]} 55. Be8 {[%clk 0:00:49]} Bf5+ {[%clk 0:03:45]} 56. Kd4
{[%clk 0:00:58]} Bb2+ {[%clk 0:03:43]} 57. Kc4 {[%clk 0:01:08]} Ke7
{[%clk 0:03:53]} 58. Ba4 {[%clk 0:01:10]} Bg4 {[%clk 0:03:57]} 59. Bc6
{[%clk 0:00:42]} Bf6 {[%clk 0:04:03]} 60. Kd3 {[%clk 0:00:50]} Bxh4
{[%clk 0:04:08]} 61. Ke4 {[%clk 0:00:57]} Kf6 {[%clk 0:04:17]} 62. Bb7
{[%clk 0:01:04]} Bg3 {[%clk 0:04:25]} 63. Bc6 {[%clk 0:01:11]} Be5
{[%clk 0:04:34]} 64. Bb7 {[%clk 0:01:18]} Bf5+ {[%clk 0:04:43]} 65. Ke3
{[%clk 0:01:25]} Bb2 {[%clk 0:04:52]} 66. Bc6 Ke5 67. Kd4+ 0-1

[Event "Russian Championship (Rapid, Men)"]
[Site "Sochi"]
[Date "2018.10.05"]
[Round "5.22"]
[White "Kozlov, Oleg"]
[Black "Bocharov, Dmitry"]
[Result "0-1"]
[BlackElo "2568"]
[WhiteElo "2361"]
[LiveChessVersion "1.4.8"]

1. Nf3 {[%clk 0:15:10]} c5 {[%clk 0:15:17]} 2. c4 {[%clk 0:15:24]} Nc6
{[%clk 0:15:22]} 3. b3 {[%clk 0:15:32]} e5 {[%clk 0:15:14]} 4. d3
{[%clk 0:15:17]} g6 {[%clk 0:15:08]} 5. Bb2 {[%clk 0:15:13]} Bg7 {[%clk 0:15:16]}
6. a3 {[%clk 0:14:45]} Nge7 {[%clk 0:15:18]} 7. e3 {[%clk 0:14:14]} d5
{[%clk 0:14:30]} 8. cxd5 {[%clk 0:14:20]} Nxd5 {[%clk 0:14:39]} 9. Qc2
{[%clk 0:14:20]} Be6 {[%clk 0:14:44]} 10. Nbd2 {[%clk 0:14:14]} Rc8
{[%clk 0:14:35]} 11. Be2 {[%clk 0:14:23]} O-O {[%clk 0:14:42]} 12. O-O
{[%clk 0:14:31]} h6 {[%clk 0:14:02]} 13. Rac1 {[%clk 0:14:22]} g5
{[%clk 0:13:58]} 14. h3 Qd7 {[%clk 0:13:57]} 15. Qb1 {[%clk 0:12:03]} b6
{[%clk 0:14:04]} 16. Qa1 {[%clk 0:12:06]} f6 {[%clk 0:14:01]} 17. Rfe1
{[%clk 0:10:19]} h5 {[%clk 0:13:45]} 18. Nh2 {[%clk 0:09:29]} g4 {[%clk 0:13:43]}
19. hxg4 {[%clk 0:09:38]} hxg4 {[%clk 0:13:52]} 20. g3 {[%clk 0:09:46]} Bh6
{[%clk 0:13:26]} 21. Bf1 {[%clk 0:06:09]} f5 {[%clk 0:11:08]} 22. Rcd1
{[%clk 0:05:08]} f4 {[%clk 0:10:48]} 23. exf4 {[%clk 0:03:50]} exf4
{[%clk 0:10:54]} 24. Ne4 {[%clk 0:03:52]} fxg3 {[%clk 0:10:13]} 25. fxg3
{[%clk 0:01:43]} Nd4 {[%clk 0:07:17]} 26. Bxd4 {[%clk 0:01:37]} cxd4
{[%clk 0:07:24]} 27. Qxd4 {[%clk 0:01:40]} Bg7 {[%clk 0:07:27]} 28. Qa4
{[%clk 0:01:42]} b5 {[%clk 0:06:31]} 29. Qa6 {[%clk 0:01:50]} Bd4+
{[%clk 0:04:39]} 30. Kh1 {[%clk 0:01:53]} Ne3 {[%clk 0:04:41]} 31. Rc1
{[%clk 0:01:45]} Rxc1 {[%clk 0:03:45]} 32. Rxc1 {[%clk 0:01:54]} Bb6
{[%clk 0:03:44]} 33. Be2 {[%clk 0:00:37]} Bd5 {[%clk 0:03:41]} 34. a4
{[%clk 0:00:20]} Bxe4+ {[%clk 0:01:46]} 35. dxe4 {[%clk 0:00:30]} Qd2
{[%clk 0:01:54]} 36. Rg1 {[%clk 0:00:35]} Qxe2 {[%clk 0:01:51]} 37. Qxb5
{[%clk 0:00:43]} Qxb5 {[%clk 0:01:43]} 38. axb5 {[%clk 0:00:53]} Re8
{[%clk 0:01:51]} 39. Ra1 {[%clk 0:00:28]} Rxe4 {[%clk 0:01:56]} 40. Ra4
{[%clk 0:00:36]} Rd4 {[%clk 0:01:16]} 41. Rxd4 {[%clk 0:00:15]} Bxd4
{[%clk 0:01:24]} 42. Kg1 {[%clk 0:00:23]} Kf7 {[%clk 0:01:32]} 43. Kf2
{[%clk 0:00:32]} Ke6 {[%clk 0:01:37]} 44. Ke2 {[%clk 0:00:37]} Kd5
{[%clk 0:01:45]} 45. Kd3 {[%clk 0:00:38]} Bb6 {[%clk 0:01:45]} 46. Kc3
{[%clk 0:00:17]} Kc5 {[%clk 0:01:47]} 47. Kd3 {[%clk 0:00:11]} Kxb5
{[%clk 0:01:53]} 48. Ke4 {[%clk 0:00:13]} Kb4 {[%clk 0:01:59]} 49. Kf4
{[%clk 0:00:19]} Kxb3 {[%clk 0:02:07]} 0-1

[Event "Russian Championship (Rapid, Men)"]
[Site "Sochi"]
[Date "2018.10.05"]
[Round "5.23"]
[White "Khanin, Semen"]
[Black "Alexeev, Alexey"]
[Result "1-0"]
[BlackElo "2283"]
[WhiteElo "2523"]
[LiveChessVersion "1.4.8"]

1. e4 {[%clk 0:15:18]} e5 {[%clk 0:15:17]} 2. Nf3 {[%clk 0:15:27]} Nc6
{[%clk 0:15:25]} 3. Bb5 {[%clk 0:15:35]} a6 {[%clk 0:15:33]} 4. Ba4
{[%clk 0:15:43]} Nf6 {[%clk 0:15:41]} 5. O-O {[%clk 0:15:51]} Be7
{[%clk 0:15:49]} 6. d3 {[%clk 0:15:59]} b5 {[%clk 0:15:54]} 7. Bb3
{[%clk 0:16:08]} O-O {[%clk 0:15:56]} 8. Nc3 {[%clk 0:16:16]} d6 {[%clk 0:15:51]}
9. a3 {[%clk 0:16:24]} Nb8 {[%clk 0:15:32]} 10. Ng5 {[%clk 0:16:19]} h6
{[%clk 0:15:20]} 11. f4 {[%clk 0:16:27]} Nbd7 {[%clk 0:13:50]} 12. Nf3
{[%clk 0:16:30]} Re8 {[%clk 0:13:27]} 13. Ba2 {[%clk 0:14:42]} Bf8
{[%clk 0:13:19]} 14. Qe1 {[%clk 0:14:39]} c6 {[%clk 0:11:35]} 15. Qg3
{[%clk 0:14:44]} Nh5 {[%clk 0:09:54]} 16. Qg6 {[%clk 0:14:42]} Ndf6
{[%clk 0:09:23]} 17. Bxf7+ {[%clk 0:14:40]} 1-0

[Event "Russian Championship (Rapid, Men)"]
[Site "Sochi"]
[Date "2018.10.05"]
[Round "5.24"]
[White "Jary, Sergey"]
[Black "Belyakov, Bogdan"]
[Result "1/2-1/2"]
[BlackElo "2523"]
[WhiteElo "2353"]
[LiveChessVersion "1.4.8"]

1. d4 {[%clk 0:15:19]} d5 {[%clk 0:15:18]} 2. Nf3 {[%clk 0:15:25]} a6
{[%clk 0:15:27]} 3. g3 {[%clk 0:15:32]} Bf5 {[%clk 0:15:11]} 4. Bg2
{[%clk 0:15:38]} e6 {[%clk 0:15:15]} 5. O-O {[%clk 0:15:35]} Nf6 {[%clk 0:15:17]}
6. Bg5 {[%clk 0:15:26]} Be7 {[%clk 0:15:18]} 7. Nbd2 {[%clk 0:15:32]} h6
{[%clk 0:15:19]} 8. Bxf6 {[%clk 0:15:38]} Bxf6 {[%clk 0:15:27]} 9. c4
{[%clk 0:15:47]} c6 {[%clk 0:15:32]} 10. Re1 {[%clk 0:15:35]} O-O
{[%clk 0:15:33]} 11. e4 {[%clk 0:15:43]} dxe4 {[%clk 0:15:40]} 12. Nxe4
{[%clk 0:15:51]} Bxe4 {[%clk 0:15:40]} 13. Rxe4 {[%clk 0:16:00]} Nd7
{[%clk 0:15:49]} 14. Qc2 {[%clk 0:15:39]} Qa5 {[%clk 0:14:06]} 15. b3
{[%clk 0:14:48]} c5 {[%clk 0:13:02]} 16. Rd1 {[%clk 0:14:56]} cxd4
{[%clk 0:13:10]} 17. Nxd4 {[%clk 0:15:04]} Nc5 {[%clk 0:13:19]} 18. Re2
{[%clk 0:15:06]} Rac8 {[%clk 0:12:27]} 19. Red2 {[%clk 0:13:37]} b5
{[%clk 0:11:13]} 20. Nc6 {[%clk 0:13:33]} Qa3 {[%clk 0:10:25]} 21. b4
{[%clk 0:13:29]} Na4 {[%clk 0:10:32]} 22. Qb3 {[%clk 0:12:46]} Qxb3 23. Bf1
1/2-1/2

[Event "Russian Championship (Rapid, Men)"]
[Site "Sochi"]
[Date "2018.10.05"]
[Round "5.25"]
[White "Potapov, Pavel"]
[Black "Taysayev, Timur"]
[Result "1-0"]
[BlackElo "2266"]
[WhiteElo "2509"]
[LiveChessVersion "1.4.8"]

1. e4 {[%clk 0:15:18]} c5 {[%clk 0:15:16]} 2. Nf3 {[%clk 0:15:25]} d6
{[%clk 0:15:24]} 3. Nc3 {[%clk 0:15:30]} Nf6 {[%clk 0:15:14]} 4. e5
{[%clk 0:15:37]} dxe5 {[%clk 0:15:23]} 5. Nxe5 {[%clk 0:15:46]} Nbd7
{[%clk 0:15:09]} 6. Nc4 {[%clk 0:15:41]} e6 {[%clk 0:12:45]} 7. Be2
{[%clk 0:15:48]} Be7 {[%clk 0:12:49]} 8. O-O {[%clk 0:15:51]} O-O
{[%clk 0:12:56]} 9. Bf3 {[%clk 0:15:58]} Rb8 {[%clk 0:12:48]} 10. a4
{[%clk 0:15:40]} b6 {[%clk 0:12:46]} 11. d3 {[%clk 0:15:34]} Bb7 {[%clk 0:12:26]}
12. Bf4 {[%clk 0:15:34]} Bxf3 {[%clk 0:12:28]} 13. Qxf3 {[%clk 0:15:41]} Ra8
{[%clk 0:12:17]} 14. a5 {[%clk 0:15:37]} Re8 {[%clk 0:08:32]} 15. Rfe1
{[%clk 0:15:12]} Qc8 {[%clk 0:07:19]} 16. Nb5 {[%clk 0:14:57]} Rf8
{[%clk 0:07:06]} 17. Ncd6 {[%clk 0:12:20]} Qd8 {[%clk 0:05:54]} 18. Nb7
{[%clk 0:12:16]} Qc8 {[%clk 0:05:52]} 19. N5d6 {[%clk 0:12:11]} Bxd6
{[%clk 0:05:44]} 20. Bxd6 {[%clk 0:11:40]} Re8 {[%clk 0:05:35]} 21. Bg3
{[%clk 0:11:34]} Rf8 {[%clk 0:05:32]} 22. Nd6 {[%clk 0:11:21]} Qd8
{[%clk 0:05:33]} 23. Qb7 {[%clk 0:11:13]} Nh5 {[%clk 0:05:00]} 24. axb6
{[%clk 0:10:28]} Nxg3 {[%clk 0:04:42]} 25. hxg3 {[%clk 0:10:27]} Nxb6
{[%clk 0:03:11]} 26. Ne4 {[%clk 0:10:12]} c4 {[%clk 0:03:14]} 27. dxc4
{[%clk 0:05:43]} Nxc4 {[%clk 0:03:14]} 28. Red1 {[%clk 0:05:32]} Qb6
{[%clk 0:02:43]} 29. Qxb6 {[%clk 0:05:28]} axb6 {[%clk 0:01:47]} 30. b3
{[%clk 0:05:34]} Na3 {[%clk 0:01:00]} 31. c4 {[%clk 0:05:35]} Nc2
{[%clk 0:00:38]} 32. Rxa8 {[%clk 0:05:43]} Rxa8 {[%clk 0:00:47]} 33. Rd7
{[%clk 0:04:50]} e5 {[%clk 0:00:24]} 34. Rb7 {[%clk 0:04:45]} Nd4
{[%clk 0:00:22]} 35. Rxb6 {[%clk 0:04:48]} f5 {[%clk 0:00:31]} 36. Nd6
{[%clk 0:04:40]} g6 {[%clk 0:00:27]} 37. c5 {[%clk 0:04:41]} Ra1+
{[%clk 0:00:33]} 38. Kh2 {[%clk 0:04:50]} Rc1 {[%clk 0:00:21]} 39. b4
{[%clk 0:04:51]} f4 {[%clk 0:00:24]} 40. gxf4 {[%clk 0:04:35]} exf4
{[%clk 0:00:33]} 41. Ne4 {[%clk 0:04:29]} Re1 {[%clk 0:00:24]} 42. f3
{[%clk 0:04:18]} Re2 {[%clk 0:00:32]} 43. Kh3 {[%clk 0:04:24]} h5
{[%clk 0:00:34]} 44. Rxg6+ {[%clk 0:04:26]} Kh7 {[%clk 0:00:43]} 45. Rb6
{[%clk 0:04:00]} Nf5 {[%clk 0:00:44]} 46. Nf6+ {[%clk 0:02:52]} Kg6
{[%clk 0:00:47]} 47. Nd5+ {[%clk 0:03:00]} Kg5 {[%clk 0:00:53]} 48. Rg6+
{[%clk 0:03:08]} 1-0

[Event "Russian Championship (Rapid, Men)"]
[Site "Sochi"]
[Date "2018.10.05"]
[Round "5.26"]
[White "Rakhmanov, Aleksandr"]
[Black "Nazaretyan, Tigran"]
[Result "1-0"]
[BlackElo "2353"]
[WhiteElo "2688"]
[LiveChessVersion "1.4.8"]

1. c4 {[%clk 0:15:18]} Nf6 {[%clk 0:15:11]} 2. Nc3 {[%clk 0:15:26]} g6
{[%clk 0:15:09]} 3. g3 {[%clk 0:15:31]} Bg7 {[%clk 0:15:02]} 4. Bg2
{[%clk 0:15:39]} O-O {[%clk 0:15:06]} 5. d3 {[%clk 0:15:48]} c5 {[%clk 0:14:43]}
6. Nh3 {[%clk 0:15:14]} Nc6 {[%clk 0:13:40]} 7. Nf4 {[%clk 0:15:21]} Rb8
{[%clk 0:13:29]} 8. h4 h5 {[%clk 0:13:12]} 9. Qd2 {[%clk 0:14:59]} a6
{[%clk 0:12:47]} 10. b3 {[%clk 0:15:07]} b5 {[%clk 0:12:22]} 11. Bb2
{[%clk 0:15:15]} Nd4 {[%clk 0:12:23]} 12. e3 {[%clk 0:15:02]} Nf5
{[%clk 0:11:53]} 13. O-O {[%clk 0:08:34]} Bb7 {[%clk 0:11:09]} 14. Ne4
{[%clk 0:07:58]} Qb6 {[%clk 0:08:26]} 15. Rad1 {[%clk 0:07:58]} Rfd8
{[%clk 0:07:18]} 16. Bc3 {[%clk 0:07:52]} b4 {[%clk 0:07:08]} 17. Bxf6
{[%clk 0:07:53]} Bxf6 {[%clk 0:07:14]} 18. Nxf6+ {[%clk 0:06:50]} Qxf6
{[%clk 0:07:14]} 19. Bxb7 {[%clk 0:06:57]} Rxb7 {[%clk 0:07:11]} 20. d4
{[%clk 0:06:09]} Rc8 {[%clk 0:06:08]} 21. dxc5 {[%clk 0:04:58]} Rxc5
{[%clk 0:05:34]} 22. Nd5 {[%clk 0:04:41]} Qe5 {[%clk 0:04:38]} 23. e4
{[%clk 0:04:49]} Nd6 {[%clk 0:03:20]} 24. Nxe7+ {[%clk 0:04:42]} Qxe7
{[%clk 0:03:25]} 25. Qxd6 {[%clk 0:04:51]} Qxd6 {[%clk 0:03:04]} 26. Rxd6
{[%clk 0:04:59]} Ra5 {[%clk 0:03:02]} 27. Rd2 {[%clk 0:04:40]} Kf8
{[%clk 0:03:00]} 28. f4 {[%clk 0:04:41]} Ke7 {[%clk 0:02:41]} 29. Rfd1
{[%clk 0:04:42]} Ra3 {[%clk 0:02:41]} 30. Kf2 {[%clk 0:04:27]} a5
{[%clk 0:02:50]} 31. Ke3 {[%clk 0:04:35]} a4 {[%clk 0:03:00]} 32. Rb2
{[%clk 0:04:26]} Rb6 {[%clk 0:02:25]} 33. c5 {[%clk 0:03:55]} Rc6
{[%clk 0:02:19]} 34. Rc1 {[%clk 0:03:36]} axb3 {[%clk 0:02:05]} 35. axb3
{[%clk 0:03:43]} Ke6 {[%clk 0:00:51]} 36. e5 {[%clk 0:02:58]} f6 {[%clk 0:00:48]}
37. Kd4 {[%clk 0:03:06]} fxe5+ {[%clk 0:00:40]} 38. fxe5 {[%clk 0:03:14]} Kf5
{[%clk 0:00:45]} 39. Re1 {[%clk 0:02:23]} Kg4 {[%clk 0:00:34]} 40. Re3
{[%clk 0:02:27]} Ra1 {[%clk 0:00:36]} 41. Rc2 {[%clk 0:02:20]} Rg1
{[%clk 0:00:38]} 42. Kd5 {[%clk 0:02:17]} Rxg3 {[%clk 0:00:37]} 43. Rc4+
{[%clk 0:02:22]} Kh3 {[%clk 0:00:42]} 44. Rxg3+ {[%clk 0:02:31]} Kxg3
{[%clk 0:00:52]} 45. Rxb4 {[%clk 0:02:37]} g5 {[%clk 0:00:39]} 46. hxg5
{[%clk 0:02:46]} h4 47. Rb7 {[%clk 0:02:20]} h3 {[%clk 0:00:33]} 48. Rxd7
{[%clk 0:02:28]} Rh6 {[%clk 0:00:28]} 49. Ke4 {[%clk 0:01:38]} Rh4+
{[%clk 0:00:20]} 50. Kf5 {[%clk 0:01:43]} Rf4+ {[%clk 0:00:20]} 51. Ke6
{[%clk 0:01:38]} h2 {[%clk 0:00:29]} 52. Rd1 {[%clk 0:01:41]} Kg2
{[%clk 0:00:19]} 53. g6 {[%clk 0:01:49]} Rg4 {[%clk 0:00:16]} 54. Kf5
{[%clk 0:01:03]} Kh3 {[%clk 0:00:17]} 55. Rh1 {[%clk 0:00:59]} Rg1
{[%clk 0:00:14]} 56. Rxh2+ {[%clk 0:01:04]} Kxh2 {[%clk 0:00:22]} 57. c6
{[%clk 0:01:00]} Rf1+ {[%clk 0:00:16]} 58. Ke6 {[%clk 0:00:56]} Rc1
{[%clk 0:00:15]} 59. Kd7 {[%clk 0:00:57]} Rd1+ {[%clk 0:00:20]} 60. Ke7
{[%clk 0:01:04]} Rc1 {[%clk 0:00:12]} 61. Kd7 {[%clk 0:00:38]} Rd1+
{[%clk 0:00:18]} 62. Ke8 {[%clk 0:00:46]} Rg1 {[%clk 0:00:21]} 63. c7
{[%clk 0:00:49]} Rc1 {[%clk 0:00:18]} 64. g7 {[%clk 0:00:54]} Rxc7
{[%clk 0:00:13]} 65. g8=Q {[%clk 0:00:57]} Kh3 1-0

[Event "Russian Championship (Rapid, Men)"]
[Site "Sochi"]
[Date "2018.10.05"]
[Round "5.27"]
[White "Grachev, Boris"]
[Black "Inozemtsev, Sergei"]
[Result "1/2-1/2"]
[BlackElo "2348"]
[WhiteElo "2667"]
[LiveChessVersion "1.4.8"]

1. d4 {[%clk 0:15:18]} e6 {[%clk 0:15:17]} 2. Nf3 {[%clk 0:15:00]} Nf6
{[%clk 0:15:18]} 3. Bf4 {[%clk 0:14:55]} b6 {[%clk 0:13:43]} 4. e3
{[%clk 0:14:55]} Bb7 {[%clk 0:13:44]} 5. Nbd2 {[%clk 0:14:57]} Be7
{[%clk 0:13:17]} 6. h3 {[%clk 0:15:00]} d6 {[%clk 0:13:11]} 7. Bd3
{[%clk 0:15:04]} Nbd7 {[%clk 0:12:58]} 8. Bh2 {[%clk 0:15:00]} O-O
{[%clk 0:11:23]} 9. O-O {[%clk 0:14:40]} Re8 {[%clk 0:11:22]} 10. e4
{[%clk 0:14:31]} Nf8 {[%clk 0:11:05]} 11. Qe2 {[%clk 0:14:19]} Ng6
{[%clk 0:11:03]} 12. Rad1 {[%clk 0:14:15]} Bf8 {[%clk 0:10:36]} 13. c3
{[%clk 0:13:53]} a6 {[%clk 0:10:14]} 14. Nc4 {[%clk 0:11:47]} Nxe4
{[%clk 0:08:36]} 15. Bxe4 {[%clk 0:11:41]} Bxe4 {[%clk 0:08:44]} 16. Qxe4
{[%clk 0:11:48]} d5 {[%clk 0:08:51]} 17. Qe2 {[%clk 0:11:48]} dxc4
{[%clk 0:08:58]} 18. Qxc4 {[%clk 0:11:56]} Bd6 {[%clk 0:09:05]} 19. Ne5
{[%clk 0:10:16]} Bxe5 {[%clk 0:08:34]} 20. Bxe5 {[%clk 0:09:40]} Re7
{[%clk 0:06:21]} 21. Bg3 {[%clk 0:09:24]} Qd5 {[%clk 0:06:23]} 22. Qa4
{[%clk 0:08:38]} b5 {[%clk 0:06:06]} 23. Qa5 {[%clk 0:07:12]} c6 {[%clk 0:06:01]}
24. Rfe1 {[%clk 0:07:14]} f5 {[%clk 0:05:35]} 25. f3 {[%clk 0:06:54]} h6
{[%clk 0:04:48]} 26. b3 {[%clk 0:05:32]} Kh7 {[%clk 0:04:29]} 27. Qa3
{[%clk 0:05:02]} Rf7 {[%clk 0:04:17]} 28. Qc5 {[%clk 0:04:49]} Rf6
{[%clk 0:03:49]} 29. c4 {[%clk 0:04:38]} Qxc5 {[%clk 0:03:30]} 30. dxc5
{[%clk 0:04:46]} f4 {[%clk 0:03:34]} 31. Bf2 {[%clk 0:04:54]} e5 {[%clk 0:03:42]}
32. Rd7 {[%clk 0:04:36]} Rb8 {[%clk 0:02:02]} 33. cxb5 {[%clk 0:04:01]} axb5
{[%clk 0:02:07]} 34. Red1 {[%clk 0:04:07]} Ra8 {[%clk 0:01:56]} 35. R1d2
{[%clk 0:03:43]} Kg8 {[%clk 0:01:40]} 36. Rc7 {[%clk 0:03:40]} Nf8
{[%clk 0:01:34]} 37. Kf1 {[%clk 0:03:00]} Ra6 {[%clk 0:01:15]} 38. Rb7
{[%clk 0:01:43]} Ra8 {[%clk 0:01:09]} 39. Rc7 {[%clk 0:01:26]} Ra6
{[%clk 0:01:11]} 40. Rc8 {[%clk 0:01:22]} Kh7 {[%clk 0:00:57]} 41. Rb8
{[%clk 0:01:13]} Rf7 {[%clk 0:00:56]} 42. Rdd8 {[%clk 0:00:47]} Ng6
{[%clk 0:00:58]} 43. Rb6 {[%clk 0:00:23]} Rxa2 {[%clk 0:00:59]} 44. Rxc6
{[%clk 0:00:30]} Rb2 {[%clk 0:01:05]} 45. Rdd6 {[%clk 0:00:27]} Nf8
{[%clk 0:01:04]} 46. Ra6 {[%clk 0:00:18]} Rxb3 {[%clk 0:01:07]} 47. Be1
{[%clk 0:00:17]} e4 {[%clk 0:01:10]} 48. fxe4 {[%clk 0:00:19]} f3
{[%clk 0:01:19]} 49. gxf3 {[%clk 0:00:27]} Rbxf3+ {[%clk 0:01:27]} 50. Ke2
{[%clk 0:00:20]} Rxh3 {[%clk 0:01:35]} 51. c6 {[%clk 0:00:18]} Re7
{[%clk 0:01:41]} 52. Rd4 {[%clk 0:00:16]} Ne6 {[%clk 0:01:49]} 53. Rb4
{[%clk 0:00:16]} Nc5 {[%clk 0:01:58]} 54. Rb6 Rh2+ {[%clk 0:01:54]} 55. Ke3
{[%clk 0:00:19]} Rh3+ {[%clk 0:01:52]} 56. Kd4 {[%clk 0:00:15]} Nxe4
{[%clk 0:02:01]} 57. Rb7 {[%clk 0:00:23]} Re8 {[%clk 0:02:09]} 58. Rd7
{[%clk 0:00:16]} Ng5 {[%clk 0:02:11]} 59. Rb1 {[%clk 0:00:14]} Nf3+
{[%clk 0:02:18]} 60. Kc5 {[%clk 0:00:23]} Nxe1 {[%clk 0:02:26]} 61. Kb6
{[%clk 0:00:12]} Rc3 {[%clk 0:02:16]} 62. c7 {[%clk 0:00:20]} Nd3
{[%clk 0:02:16]} 63. Rg1 {[%clk 0:00:21]} Rg8 {[%clk 0:02:06]} 64. Rg3
{[%clk 0:00:19]} Rxc7 {[%clk 0:01:30]} 65. Rxc7 {[%clk 0:00:21]} Nf4
{[%clk 0:01:26]} 66. Kxb5 {[%clk 0:00:24]} Nh5 {[%clk 0:01:31]} 67. Rf3
{[%clk 0:00:27]} Rb8+ {[%clk 0:01:28]} 68. Kc4 {[%clk 0:00:31]} Rb6
{[%clk 0:01:26]} 69. Rff7 {[%clk 0:00:33]} Rg6 {[%clk 0:01:32]} 70. Kd4
{[%clk 0:00:30]} Rg5 {[%clk 0:01:36]} 71. Ra7 {[%clk 0:00:34]} Kg8
{[%clk 0:01:42]} 72. Rfb7 {[%clk 0:00:40]} Nf6 {[%clk 0:01:49]} 73. Ke3
{[%clk 0:00:46]} Kh7 {[%clk 0:01:29]} 74. Kf3 {[%clk 0:00:51]} Rf5+
{[%clk 0:01:20]} 75. Ke3 {[%clk 0:01:00]} Re5+ {[%clk 0:01:28]} 76. Kf4
{[%clk 0:01:07]} Rg5 {[%clk 0:01:35]} 77. Rf7 {[%clk 0:01:06]} Kg8
{[%clk 0:01:38]} 78. Rfb7 {[%clk 0:01:08]} Kh7 {[%clk 0:01:42]} 79. Ra6
{[%clk 0:01:15]} Rg6 {[%clk 0:01:26]} 80. Kf3 {[%clk 0:01:04]} Kg8
{[%clk 0:01:22]} 81. Rb5 {[%clk 0:00:52]} Rg1 {[%clk 0:01:01]} 82. Kf2
{[%clk 0:00:53]} Rg6 {[%clk 0:01:02]} 83. Kf3 {[%clk 0:00:50]} Rg1
{[%clk 0:01:10]} 84. Rb7 {[%clk 0:00:48]} Rg5 {[%clk 0:01:09]} 85. Ra8+
{[%clk 0:00:30]} Kh7 {[%clk 0:01:17]} 86. Rf8 {[%clk 0:00:37]} Rf5+
{[%clk 0:01:11]} 87. Kg2 {[%clk 0:00:41]} Rg5+ {[%clk 0:01:16]} 88. Kf3
{[%clk 0:00:47]} Rf5+ {[%clk 0:01:21]} 89. Ke2 {[%clk 0:00:55]} Re5+
{[%clk 0:01:20]} 90. Kd3 {[%clk 0:01:04]} Nh5 {[%clk 0:01:21]} 91. Kd4
{[%clk 0:00:52]} Ra5 {[%clk 0:01:25]} 92. Rc8 {[%clk 0:00:34]} Rg5
{[%clk 0:01:28]} 93. Rc6 {[%clk 0:00:31]} Ra5 {[%clk 0:01:22]} 94. Rc5
{[%clk 0:00:28]} Rxc5 {[%clk 0:01:29]} 95. Kxc5 {[%clk 0:00:37]} Kg6
{[%clk 0:01:35]} 96. Kd4 {[%clk 0:00:42]} Kf5 {[%clk 0:01:42]} 97. Rb5+
{[%clk 0:00:46]} Kg4 {[%clk 0:01:45]} 98. Ke3 {[%clk 0:00:54]} Nf6
{[%clk 0:01:34]} 99. Rb4+ {[%clk 0:00:50]} Kh5 {[%clk 0:01:26]} 100. Kd4
{[%clk 0:00:32]} Kg5 {[%clk 0:01:09]} 101. Ke5 {[%clk 0:00:21]} h5
{[%clk 0:01:12]} 102. Rb1 {[%clk 0:00:24]} Ng4+ {[%clk 0:01:02]} 103. Ke4
{[%clk 0:00:25]} g6 {[%clk 0:01:08]} 104. Rb5+ {[%clk 0:00:31]} Kh6
{[%clk 0:00:54]} 105. Kf4 {[%clk 0:00:38]} Nf6 {[%clk 0:00:54]} 106. Ra5
{[%clk 0:00:40]} Ng4 {[%clk 0:00:46]} 107. Ra6 {[%clk 0:00:29]} Nf2
{[%clk 0:00:43]} 108. Kf3 {[%clk 0:00:30]} Ng4 {[%clk 0:00:51]} 109. Kg3
{[%clk 0:00:38]} Kg5 {[%clk 0:00:42]} 110. Ra5+ {[%clk 0:00:47]} Kh6
{[%clk 0:00:51]} 111. Kf4 {[%clk 0:00:55]} Nf2 {[%clk 0:00:56]} 112. Ra1
{[%clk 0:00:46]} Ng4 {[%clk 0:00:46]} 113. Rg1 {[%clk 0:00:39]} Nh2
{[%clk 0:00:22]} 114. Rg3 {[%clk 0:00:36]} Ng4 {[%clk 0:00:30]} 115. Rg2
{[%clk 0:00:45]} g5+ {[%clk 0:00:37]} 116. Ke4 {[%clk 0:00:23]} Kg6
{[%clk 0:00:44]} 117. Rg1 {[%clk 0:00:26]} Nf2+ {[%clk 0:00:43]} 118. Kf3
{[%clk 0:00:29]} Nh3 {[%clk 0:00:47]} 119. Ra1 {[%clk 0:00:36]} Nf4
{[%clk 0:00:45]} 120. Ra6+ {[%clk 0:00:44]} Kf5 {[%clk 0:00:53]} 121. Ra5+
{[%clk 0:00:53]} Kf6 {[%clk 0:01:01]} 122. Ke4 {[%clk 0:00:59]} Ne6
{[%clk 0:00:59]} 123. Rf5+ {[%clk 0:00:55]} Kg6 {[%clk 0:00:54]} 124. Ke5
{[%clk 0:01:00]} Nf4 {[%clk 0:00:34]} 125. Rf6+ {[%clk 0:01:07]} Kg7
{[%clk 0:00:43]} 126. Kf5 {[%clk 0:00:56]} Nh3 {[%clk 0:00:44]} 127. Rg6+
{[%clk 0:00:19]} Kh7 {[%clk 0:00:48]} 128. Ra6 {[%clk 0:00:20]} g4
{[%clk 0:00:50]} 129. Rg6 {[%clk 0:00:22]} Ng1 {[%clk 0:00:24]} 130. Kg5
{[%clk 0:00:17]} Nh3+ {[%clk 0:00:31]} 131. Kf5 {[%clk 0:00:26]} Ng1
{[%clk 0:00:40]} 132. Rxg4 {[%clk 0:00:16]} 1/2-1/2